[Event "MTO-2021"]
[Site "?"]
[Date "2021.??.??"]
[Round "6.126"]
[White "Blagojevic Tijana"]
[Black "Schweizer Simon"]
[Result "1-0"]
[WhiteElo "2222"]
[BlackElo "2142"]
[PlyCount "101"]
[EventDate "2021.??.??"]
[WhiteTeam "Serbien"]
[BlackTeam "Japan"]
[WhiteTeamCountry "SRB"]
[BlackTeamCountry "JPN"]

1. e4 g6 2. d4 Bg7 3. Nf3 d6 4. Be2 Nf6 5. Nc3 O-O 6. O-O a6 7. Re1 Nc6 8. d5
Nb8 9. a4 c5 10. Nd2 Nbd7 11. Nc4 Nb6 12. Ne3 Rb8 13. a5 Nbd7 14. Nc4 Ne5 15.
Ne3 h5 16. h3 Ned7 17. Nc4 Ne5 18. Nb6 Ned7 19. Nc4 Ne5 20. Nxe5 dxe5 21. Be3
Qc7 22. Qd3 Bd7 23. Reb1 Rbc8 24. Ra3 Qd6 25. Qc4 Bb5 26. Nxb5 axb5 27. Qxb5
Nxe4 28. Qxb7 f5 29. Qb6 f4 30. Qxd6 exd6 31. Bc1 Nf6 32. Bb5 Rb8 33. Bc6 Rf7
34. c3 Ne4 35. b4 c4 36. b5 Nc5 37. b6 e4 38. a6 e3 39. fxe3 f3 40. gxf3 Rxf3
41. a7 Rbf8 42. Ra2 Rf1+ 43. Kg2 Nd3 44. Ba3 Rxb1 45. Bxd6 Ne1+ 46. Kg3 h4+ 47.
Kg4 Nd3 48. Bxf8 Rg1+ 49. Kf3 Rg3+ 50. Ke4 Bxf8 51. a8=Q 1-0

[Event "MTO-2021"]
[Site "?"]
[Date "2021.??.??"]
[Round "6.127"]
[White "Kornitzky Tino"]
[Black "Pahud Cédric"]
[Result "1-0"]
[WhiteElo "2083"]
[BlackElo "2200"]
[PlyCount "55"]
[EventDate "2021.??.??"]
[WhiteTeam "Deutschland"]
[BlackTeam "Schweiz"]
[WhiteTeamCountry "GER"]
[BlackTeamCountry "SUI"]

1. d4 Nf6 2. c4 e6 3. g3 d5 4. Bg2 Bb4+ 5. Bd2 Be7 6. Nf3 O-O 7. O-O c6 8. Qc2
b6 9. Rd1 Nbd7 10. Bf4 Bb7 11. Ne5 Nxe5 12. dxe5 Nd7 13. cxd5 cxd5 14. e4 dxe4
15. Qa4 Bd5 16. Nc3 Nc5 17. Qd4 Bc6 18. Qe3 Qc7 19. b4 Nd3 20. Nxe4 Nxb4 21.
Nf6+ Kh8 22. Rac1 Bc5 23. Rxc5 bxc5 24. Bxc6 Qxc6 25. Rd6 Qb5 26. Bh6 gxf6 27.
Bxf8 Rxf8 28. Qh6 1-0

[Event "MTO-2021"]
[Site "?"]
[Date "2021.??.??"]
[Round "6.128"]
[White "Al Hosani Omran"]
[Black "Küng Nicolas"]
[Result "1-0"]
[WhiteElo "2197"]
[BlackElo "2005"]
[PlyCount "87"]
[EventDate "2021.??.??"]
[WhiteTeam "Vereinigte Arabische Emirate"]
[BlackTeam "Schweiz"]
[WhiteTeamCountry "UAE"]
[BlackTeamCountry "SUI"]

1. d4 Nf6 2. c4 g6 3. Nc3 Bg7 4. e4 d6 5. Nf3 O-O 6. Be2 e5 7. O-O Bg4 8. d5 a5
9. Ne1 Bd7 10. Nd3 Na6 11. Be3 b6 12. Qd2 Nc5 13. f3 Nh5 14. g3 Nxd3 15. Qxd3
Kh8 16. Qd2 Qe7 17. Nb5 Bh3 18. Rf2 Rae8 19. g4 Nf4 20. Bxf4 exf4 21. Qxf4 f5
22. exf5 gxf5 23. g5 Qd7 24. Bd3 Be5 25. Qh4 f4 26. Kh1 Re7 27. g6 Bf5 28. Bxf5
Rxf5 29. Rg1 Rg7 30. Rfg2 Bf6 31. Qh6 Qe7 32. gxh7 Qe5 33. Rxg7 Bxg7 34. Qh3
Rh5 35. Qg4 Rh6 36. Nxc7 Qxb2 37. h3 Kxh7 38. Ne6 Rxe6 39. dxe6 Qf6 40. Qh5+
Kg8 41. Qe8+ Kh7 42. e7 Qf5 43. Qg6+ Qxg6 44. Rxg6 1-0

[Event "MTO-2021"]
[Site "?"]
[Date "2021.??.??"]
[Round "6.129"]
[White "Doluhanova Evgeniya"]
[Black "Ermitsch Magnus"]
[Result "1-0"]
[WhiteElo "2179"]
[BlackElo "2039"]
[PlyCount "135"]
[EventDate "2021.??.??"]
[WhiteTeam "Ukraine"]
[BlackTeam "Deutschland"]
[WhiteTeamCountry "UKR"]
[BlackTeamCountry "GER"]

1. e4 c5 2. Nf3 e6 3. d4 cxd4 4. Nxd4 Nc6 5. Nc3 Qc7 6. f4 a6 7. Nxc6 Qxc6 8.
Bd3 b5 9. a3 Bb7 10. Qe2 Bc5 11. Bd2 Ne7 12. h4 O-O 13. Rh3 f5 14. O-O-O d5 15.
exd5 exd5 16. b4 Bd6 17. Qe3 Kh8 18. Ne2 Qd7 19. Nd4 Nc6 20. Nxc6 Qxc6 21. Rg3
Qc7 22. Qd4 a5 23. h5 h6 24. Rg6 axb4 25. axb4 Ra3 26. Rxh6+ Kg8 27. Rg6 Rfa8
28. Be3 R8a4 29. h6 Ra1+ 30. Kd2 Bxb4+ 31. Ke2 Bc3 32. Qb6 Qxb6 33. Rxb6 Ba6
34. Rb8+ Kh7 35. hxg7 Kxg7 36. Rxa1 Bxa1 37. Bxf5 b4+ 38. Bd3 Bc4 39. Bd2 Bxd3+
40. Kxd3 Bc3 41. Bxc3+ bxc3 42. g3 Ra1 43. Rb7+ Kf8 44. Rb3 Rg1 45. Rxc3 Rxg3+
46. Kd4 Rg4 47. Ke5 Rh4 48. Rc5 Rh5+ 49. f5 Rh2 50. Rc7 Rf2 51. Ke6 d4 52. Ke5
Ke8 53. Ke4 Kf8 54. Rc5 Rd2 55. Rc4 Kf7 56. Ke5 d3 57. Rc7+ Ke8 58. cxd3 Rxd3
59. Kf6 Rf3 60. Rc8+ Kd7 61. Rf8 Rg3 62. Kf7 Rg1 63. f6 Rg2 64. Rg8 Rf2 65. Rg1
Rd2 66. Kg8 Rf2 67. f7 Ke7 68. Re1+ 1-0

[Event "MTO-2021"]
[Site "?"]
[Date "2021.??.??"]
[Round "6.130"]
[White "Kamber Bruno"]
[Black "Gomez Barrera Javiera Belen"]
[Result "1/2-1/2"]
[WhiteElo "2275"]
[BlackElo "2083"]
[PlyCount "122"]
[EventDate "2021.??.??"]
[WhiteTeam "Schweiz"]
[BlackTeam "Chile"]
[WhiteTeamCountry "SUI"]
[BlackTeamCountry "CHI"]

1. e4 e5 2. Nc3 Nc6 3. Bc4 Nf6 4. d3 Na5 5. Bb3 Nxb3 6. axb3 d5 7. exd5 Nxd5 8.
Nf3 Nxc3 9. bxc3 Bd6 10. d4 e4 11. Qe2 O-O 12. Ne5 Qh4 13. h3 Bxe5 14. dxe5 Re8
15. g3 Qe7 16. Qxe4 Qxe5 17. Qxe5 Rxe5+ 18. Be3 Bf5 19. O-O-O Rae8 20. g4 Bg6
21. Rd7 R5e7 22. Rhd1 h6 23. Bxa7 Rxd7 24. Rxd7 Rc8 25. Be3 Be4 26. Re7 Bf3 27.
Bf4 c5 28. c4 Bc6 29. Bd6 Bg2 30. h4 Rc6 31. Bf4 Rf6 32. Be3 b6 33. g5 hxg5 34.
hxg5 Rc6 35. Bf4 Kf8 36. Rb7 Bh3 37. Be5 f6 38. gxf6 gxf6 39. Bb8 Bc8 40. Rc7
Rxc7 41. Bxc7 Ke7 42. Bxb6 Kd6 43. Kd2 Bh3 44. c3 Bf1 45. Ke3 f5 46. Kf4 Bd3
47. b4 cxb4 48. cxb4 Ke6 49. c5 Bb5 50. Bd8 Ba4 51. Bg5 Bb5 52. Bh6 Ba4 53. Bg7
Bb5 54. Bh8 Ba4 55. Ke3 Kd5 56. Bg7 Bb5 57. Bf8 Bc6 58. Kd3 Bb5+ 59. Kc3 Ba4
60. Kd3 Bb5+ 61. Ke3 Ba4 1/2-1/2

[Event "MTO-2021"]
[Site "?"]
[Date "2021.??.??"]
[Round "6.131"]
[White "Salzgeber Frank"]
[Black "Sultan Ibrahim"]
[Result "1/2-1/2"]
[WhiteElo "2183"]
[BlackElo "2076"]
[PlyCount "115"]
[EventDate "2021.??.??"]
[WhiteTeam "Schweiz"]
[BlackTeam "Vereinigte Arabische Emirate"]
[WhiteTeamCountry "SUI"]
[BlackTeamCountry "UAE"]

1. d4 Nf6 2. c4 e6 3. Nc3 d5 4. cxd5 exd5 5. Bg5 c6 6. e3 Be7 7. Bd3 Nbd7 8.
Qc2 h6 9. Bh4 Nh5 10. Bxe7 Qxe7 11. O-O-O Nb6 12. h3 Bd7 13. Nf3 O-O-O 14. Na4
Nxa4 15. Qxa4 Kb8 16. Kb1 Nf6 17. Ne5 Ne8 18. Rc1 Nd6 19. Qb4 Ka8 20. Rc3 Rhe8
21. Rb3 Bf5 22. Bxf5 Nxf5 23. Qxe7 Rxe7 24. Rc3 g5 25. g3 f6 26. Nf3 Nd6 27.
Nd2 Rde8 28. h4 g4 29. Rhc1 Kb8 30. Kc2 f5 31. Rf1 Ne4 32. Nxe4 fxe4 33. Kd2
Rf7 34. Ke2 Ref8 35. Rc5 Kc7 36. b4 Kd6 37. Rc2 h5 38. a3 b6 39. Rc3 a5 40. Rc2
Rf5 41. Rb2 axb4 42. axb4 Kc7 43. Rc2 Kb7 44. Ra2 R5f7 45. Ra3 Rc8 46. Rfa1
Rcf8 47. Ra7+ Kb8 48. Ra8+ Kc7 49. R1a7+ Kd6 50. Rxf8 Rxf8 51. Rh7 Rf5 52. Rh6+
Kc7 53. Rh7+ Kd6 54. Rb7 b5 55. Rh7 Ke6 56. Kf1 Kd6 57. Kg2 Ke6 58. Rc7 1/2-1/2

[Event "MTO-2021"]
[Site "?"]
[Date "2021.??.??"]
[Round "6.132"]
[White "Schmid Christoph"]
[Black "Heer Stephan"]
[Result "1/2-1/2"]
[WhiteElo "2091"]
[BlackElo "2063"]
[PlyCount "126"]
[EventDate "2021.??.??"]
[WhiteTeam "Schweiz"]
[BlackTeam "Schweiz"]
[WhiteTeamCountry "SUI"]
[BlackTeamCountry "SUI"]

1. d4 Nf6 2. c4 d6 3. Nf3 g6 4. Nc3 Bg7 5. e4 Nbd7 6. Be2 e5 7. Be3 O-O 8. Qc2
Ng4 9. Bg5 f6 10. Bc1 f5 11. dxe5 Ndxe5 12. O-O Nxf3+ 13. Bxf3 Ne5 14. Be2 f4
15. f3 g5 16. g4 h5 17. h3 hxg4 18. hxg4 Bxg4 19. fxg4 f3 20. Nd5 Qd7 21. Ne3
fxe2 22. Qxe2 Rf4 23. Rxf4 gxf4 24. Nf5 f3 25. Qf2 Qe6 26. Bf4 Re8 27. Rf1 Qxc4
28. Nxg7 Kxg7 29. Bxe5+ dxe5 30. Qxf3 Qc5+ 31. Kg2 Rf8 32. Qe2 Rxf1 33. Kxf1
Qc1+ 34. Kg2 Qf4 35. Kh3 Qh6+ 36. Kg2 Qf4 37. Kh3 Kg6 38. Qc4 Qf3+ 39. Kh4 Qf2+
40. Kh3 Qf3+ 41. Kh4 Qf6+ 42. Kg3 Qf4+ 43. Kh3 Qf7 44. Qc3 Qf1+ 45. Kh4 Qf4 46.
Kh3 Kg5 47. Qc4 Qxg4+ 48. Kh2 Kh4 49. Qxc7 Qf4+ 50. Kg1 Qxe4 51. Kf2 Qd4+ 52.
Kf3 Qd3+ 53. Kf2 Qd2+ 54. Kf3 Qd5+ 55. Ke3 Kg5 56. Qg7+ Kf5 57. Qf8+ Ke6 58.
Qg8+ Kd6 59. Qb8+ Kd7 60. Qxa7 Qb5 61. Qa3 Qb6+ 62. Ke2 Qd4 63. Qd3 Kc6 1/2-1/2

[Event "MTO-2021"]
[Site "?"]
[Date "2021.??.??"]
[Round "6.133"]
[White "Mayrhuber Nikola"]
[Black "Paladini Jean-Michel"]
[Result "1/2-1/2"]
[WhiteElo "2062"]
[BlackElo "2084"]
[PlyCount "76"]
[EventDate "2021.??.??"]
[WhiteTeam "Österreich"]
[BlackTeam "Schweiz"]
[WhiteTeamCountry "AUT"]
[BlackTeamCountry "SUI"]

1. d4 Nf6 2. c4 g6 3. Nc3 d5 4. cxd5 Nxd5 5. e4 Nxc3 6. bxc3 Bg7 7. Bc4 c5 8.
Ne2 Nc6 9. Be3 O-O 10. h4 Qa5 11. O-O Bg4 12. f3 Bd7 13. Rb1 Qc7 14. Bd3 Rad8
15. h5 e5 16. hxg6 hxg6 17. Qc1 Bc8 18. d5 Na5 19. Kf2 b6 20. Rh1 f5 21. Bh6 f4
22. g4 c4 23. Bc2 Qc5+ 24. Kg2 Bxh6 25. Rxh6 Kg7 26. Qh1 Rh8 27. g5 Qe3 28. Re1
Nb7 29. Bd1 Nc5 30. Nd4 Qxc3 31. Nc6 Rde8 32. Ne7 Bh3+ 33. Rxh3 Rxh3 34. Qxh3
Rh8 35. Nf5+ gxf5 36. Qxf5 Rf8 37. Qh3 Qxe1 38. Qh6+ Kf7 1/2-1/2

[Event "MTO-2021"]
[Site "?"]
[Date "2021.??.??"]
[Round "6.134"]
[White "Rakhmangulova Anastasiya"]
[Black "Ohler Julius"]
[Result "1-0"]
[WhiteElo "2167"]
[BlackElo "2014"]
[PlyCount "61"]
[EventDate "2021.??.??"]
[WhiteTeam "Ukraine"]
[BlackTeam "Deutschland"]
[WhiteTeamCountry "UKR"]
[BlackTeamCountry "GER"]

1. e4 c6 2. Nf3 d5 3. Nc3 dxe4 4. Nxe4 Nf6 5. Qe2 Nxe4 6. Qxe4 Nd7 7. Bc4 Nf6
8. Ne5 e6 9. Qe2 Bd6 10. d4 Qc7 11. Bf4 Nd5 12. Bg3 Qa5+ 13. Kf1 Be7 14. h4 h5
15. Kg1 Bf6 16. Bd3 Ne7 17. Nc4 Qd5 18. Rd1 Kf8 19. Be5 b6 20. Rh3 Ba6 21. Nd6
Bxd3 22. Rhxd3 Ng6 23. c4 Qa5 24. Ra3 Qb4 25. Qf3 Ne7 26. Rb3 Qa5 27. Bxf6 gxf6
28. Qxf6 Rh7 29. Rf3 Ng8 30. Qxf7+ Rxf7 31. Rxf7# 1-0

[Event "MTO-2021"]
[Site "?"]
[Date "2021.??.??"]
[Round "6.135"]
[White "Ferster Fabian"]
[Black "Manukonda Arun"]
[Result "0-1"]
[WhiteElo "2143"]
[BlackElo "2033"]
[PlyCount "112"]
[EventDate "2021.??.??"]
[WhiteTeam "Liechtenstein"]
[BlackTeam "Indien"]
[WhiteTeamCountry "LIE"]
[BlackTeamCountry "IND"]

1. c4 e5 2. g3 Nf6 3. Bg2 Bc5 4. Nc3 O-O 5. e3 Re8 6. Nge2 c6 7. O-O d6 8. b3
Bg4 9. h3 Bf5 10. d4 Bb6 11. Ba3 Na6 12. g4 Bg6 13. Ng3 exd4 14. exd4 Ba5 15.
Rc1 Nb4 16. f4 Re3 17. Rf3 Qe7 18. Qd2 Rxf3 19. Bxf3 Nxa2 20. Qxa2 Bxc3 21. Qf2
Ba5 22. f5 Re8 23. Kg2 Be1 24. Qe2 Qd8 25. Qd3 Qa5 26. b4 Bxb4 27. Bxb4 Qxb4
28. fxg6 hxg6 29. Rb1 Qa5 30. Rxb7 Qa2+ 31. Ne2 d5 32. cxd5 Nxd5 33. Bxd5 Rxe2+
34. Kf3 Rf2+ 35. Kg3 cxd5 36. Qe3 Rf6 37. h4 Qa6 38. Re7 Qd6+ 39. Re5 Re6 40.
Kh3 Rxe5 41. dxe5 Qb6 42. Qd3 d4 43. e6 Qxe6 44. Qxd4 a6 45. Kg3 Kh7 46. Qa7
Qa2 47. h5 gxh5 48. gxh5 Qe6 49. Qb8 Qf5 50. Kh4 a5 51. Qa8 Qf4+ 52. Kh3 a4 53.
Qa7 Qf3+ 54. Kh4 f5 55. Qxg7+ Kxg7 56. h6+ Kf6 0-1

[Event "MTO-2021"]
[Site "?"]
[Date "2021.??.??"]
[Round "6.136"]
[White "Borner Daniel"]
[Black "Giacomini Hector"]
[Result "1/2-1/2"]
[WhiteElo "2133"]
[BlackElo "2104"]
[PlyCount "57"]
[EventDate "2021.??.??"]
[WhiteTeam "Schweiz"]
[BlackTeam "Frankreich"]
[WhiteTeamCountry "SUI"]
[BlackTeamCountry "FRA"]

1. e4 c6 2. d4 d5 3. Nc3 dxe4 4. Nxe4 Bf5 5. Ng3 Bg6 6. Bc4 e6 7. N1e2 Bd6 8.
h4 h6 9. Nf4 Bxf4 10. Bxf4 Nf6 11. Qe2 O-O 12. h5 Bh7 13. O-O-O Nbd7 14. Bd3
Qa5 15. Bxh7+ Kxh7 16. Kb1 Rac8 17. f3 Kg8 18. Ne4 Nxe4 19. Qxe4 Nf6 20. Qe2
Rfd8 21. g4 Nh7 22. Bd2 Qb6 23. Be3 Qa5 24. f4 f6 25. Bc1 Qd5 26. c4 Qd7 27. g5
fxg5 28. fxg5 hxg5 29. h6 1/2-1/2

[Event "MTO-2021"]
[Site "?"]
[Date "2021.??.??"]
[Round "6.104"]
[White "Wagner Dennis"]
[Black "Salem Saleh"]
[Result "1/2-1/2"]
[WhiteElo "2572"]
[BlackElo "2682"]
[PlyCount "70"]
[EventDate "2021.??.??"]
[WhiteTeam "Deutschland"]
[BlackTeam "Vereinigte Arabische Emirate"]
[WhiteTeamCountry "GER"]
[BlackTeamCountry "UAE"]

1. d4 d5 2. c4 e6 3. Nf3 Nf6 4. g3 Bb4+ 5. Bd2 Be7 6. Bg2 O-O 7. O-O c6 8. Qc2
Nbd7 9. Bf4 Ne4 10. Nc3 g5 11. Be3 Nd6 12. b3 f5 13. Rad1 Nf7 14. cxd5 cxd5 15.
Na4 Bd6 16. Qc1 h6 17. h4 g4 18. Ne1 Kh7 19. Nd3 b6 20. Bf4 Nf6 21. Bxd6 Qxd6
22. Nf4 Bd7 23. Qe3 Qa3 24. Rc1 Rac8 25. Nc3 Qa5 26. Rc2 Rc6 27. Rfc1 Rfc8 28.
Kh2 Kg7 29. Qd3 Nd6 30. Qe3 Nf7 31. Qd3 Qb4 32. Qe3 R8c7 33. Qd3 Kg8 34. e3 Kg7
35. Nce2 Qd6 1/2-1/2

[Event "MTO-2021"]
[Site "?"]
[Date "2021.??.??"]
[Round "6.123"]
[White "Noaman Omar"]
[Black "Zimmermann Luc"]
[Result "1-0"]
[WhiteElo "2367"]
[BlackElo "2151"]
[PlyCount "87"]
[EventDate "2021.??.??"]
[WhiteTeam "Vereinigte Arabische Emirate"]
[BlackTeam "Niederlande"]
[WhiteTeamCountry "UAE"]
[BlackTeamCountry "NED"]

1. d4 Nf6 2. Bf4 g6 3. Nc3 d5 4. Qd2 c6 5. f3 Bf5 6. g4 Be6 7. h4 h5 8. g5 Nfd7
9. e4 Bg7 10. Nge2 Nb6 11. O-O-O Nc4 12. Qe1 Qa5 13. Kb1 Qb4 14. b3 Na3+ 15.
Kc1 Na6 16. Bd2 Qd6 17. e5 Qd7 18. Nb1 Nxb1 19. Kxb1 Nc7 20. Ng3 O-O-O 21. Bd3
Kb8 22. a4 Rc8 23. Bb4 Bf8 24. Rh2 Ne8 25. Qe3 Ng7 26. Qf4 Ka8 27. Re2 Nf5 28.
Nxf5 gxf5 29. a5 Bg7 30. Qd2 Qd8 31. Kb2 Bd7 32. Rg1 e6 33. Bc5 Bf8 34. Qb4
Bxc5 35. Qxc5 Qf8 36. g6 Qxc5 37. dxc5 fxg6 38. Rxg6 Rcg8 39. Reg2 Rxg6 40.
Rxg6 Kb8 41. Kc3 a6 42. Kd4 Kc8 43. Ke3 Kd8 44. Rg7 1-0